| 000 | 00342nam a22001457a 4500 | ||
|---|---|---|---|
| 020 | _qPB. | ||
| 040 | _cFIZZA ISHAQ | ||
| 082 |
_a005.7136 _bHUN |
||
| 100 |
_aC. HUNT, _989256 |
||
| 245 |
_aNETWORKING PERSONAL COMPUTER WITH TCP/IP / _cHUNT C. |
||
| 250 | _a1st ED. | ||
| 260 |
_bO'REILLY, _c1995. |
||
| 300 | _a383 P. ; | ||
| 942 |
_2ddc _cBK |
||
| 999 |
_c588061 _d588061 |
||